[Event "32nd ECC Women 2016"]
[Site "Novi Sad SRB"]
[Date "2016.11.10"]
[Round "5.1"]
[Board "4"]
[White "Markelova, Lubov"]
[Black "Cramling, Pia"]
[Result "0-1"]
[WhiteTitle "WFM"]
[BlackTitle "GM"]
[WhiteElo "2133"]
[BlackElo "2461"]
[WhiteTeam "Ladya Kazan"]
[BlackTeam "Cercle d'Echecs Monte-Carlo"]
[WhiteFideId "24131369"]
[BlackFideId "1700030"]
[EventDate "2016.11.06"]

1. Nf3 c5 2. c4 b6 3. g3 Bb7 4. Bg2 g6 5. O-O Bg7 6. Nc3 Nf6 7. d4 cxd4 8. Qxd4
d6 9. Rd1 Nbd7 10. Be3 Rc8 11. Rac1 O-O 12. Qh4 a6 13. b3 Re8 14. Bd4 h6 15. g4
b5 16. cxb5 Qa5 17. bxa6 Bxf3 18. Bxf3 e5 19. Be3 Rxc3 20. Rxc3 Qxc3 21. Bb7 Qb4
22. Rc1 g5 23. Qg3 d5 24. Bc6 d4 25. a7 Qa5 26. a8=Q Rxa8 27. Bxa8 Qxa8 28. Bd2
Qxa2 29. Qd3 Bf8 30. f3 Nc5 31. Qc2 Qxb3 32. Qf5 Qe6 33. Qxe6 Nxe6 34. Rc8 Kg7
35. h3 Nd5 36. Kf2 Nef4 37. Re8 Bd6 38. Rd8 Bb4 39. Bxb4 Nxb4 40. Re8 f6 41. Ke1
Nbd5 42. Kd2 Ne3 43. Re7+ Kg6 44. Re8 Nf1+ 45. Ke1 Ng3 46. Rg8+ Kf7 47. Rd8
Ngxe2 48. Kd2 Ng1 0-1

[Event "32nd ECC Women 2016"]
[Site "Novi Sad SRB"]
[Date "2016.11.10"]
[Round "5.2"]
[Board "1"]
[White "Dzagnidze, Nana"]
[Black "Ushenina, Anna"]
[Result "1/2-1/2"]
[WhiteTitle "GM"]
[BlackTitle "GM"]
[WhiteElo "2507"]
[BlackElo "2453"]
[WhiteTeam "NONA Batumi"]
[BlackTeam "Ugra Chess Club"]
[WhiteFideId "13601903"]
[BlackFideId "14110911"]
[EventDate "2016.11.06"]

1. Nf3 c5 2. g3 Nf6 3. Bg2 d5 4. O-O Nc6 5. c4 dxc4 6. Na3 g6 7. Nxc4 Bg7 8. b3
O-O 9. Bb2 Be6 10. Rc1 Rc8 11. d4 cxd4 12. Nxd4 Nxd4 13. Qxd4 b5 14. Qxd8 Rfxd8
15. Na5 Rd2 16. Rxc8+ Bxc8 17. Nc6 Rxe2 18. Rd1 Bf8 19. Bxf6 exf6 20. Nxa7 Bg4
21. Nxb5 Rxa2 22. Rc1 Be6 23. Nd4 Bc5 24. Nc2 Bxb3 25. Ne3 Bd4 26. Rb1 Be6 27.
Rd1 Bxe3 28. fxe3 Kf8 29. Bf1 Ke7 30. Rd4 h5 31. Bg2 Re2 32. Rd3 f5 33. Bf3 Rb2
34. Rd4 Kf6 35. Bd1 Ke5 36. Bf3 Rc2 37. h4 Rb2 38. Kf1 Rc2 39. Ke1 Rc3 40. Kd2
Ra3 41. Ke2 Bb3 42. Kf2 Ra2+ 43. Ke1 Ra5 44. Kf2 Bc2 45. Rd7 Ke6 46. Rd4 Bb1 47.
Ke1 Ke5 48. Rd8 Ra4 49. Re8+ Kf6 50. Rd8 Be4 51. Be2 Ke7 52. Rd2 Ke6 53. Kf2 Bd5
54. Bf3 Be4 55. Be2 Ke5 56. Ke1 Ra7 57. Kf2 f6 58. Ke1 g5 59. Bxh5 gxh4 60. gxh4
Rh7 61. Be2 Rxh4 62. Ra2 Rh3 63. Ra5+ Kd6 64. Kf2 Bd5 65. Ra7 Rh4 66. Bf3 Be6
67. Ra6+ Ke7 68. Ra7+ Kf8 69. Kg3 Rb4 70. Rc7 Bf7 71. Rd7 Be6 1/2-1/2

[Event "32nd ECC Women 2016"]
[Site "Novi Sad SRB"]
[Date "2016.11.10"]
[Round "5.2"]
[Board "2"]
[White "Pogonina, Natalija"]
[Black "Batsiashvili, Nino"]
[Result "1/2-1/2"]
[WhiteTitle "WGM"]
[BlackTitle "IM"]
[WhiteElo "2492"]
[BlackElo "2489"]
[WhiteTeam "Ugra Chess Club"]
[BlackTeam "NONA Batumi"]
[WhiteFideId "4147855"]
[BlackFideId "13602993"]
[EventDate "2016.11.06"]

1. d4 Nf6 2. c4 e6 3. Nf3 d5 4. g3 dxc4 5. Bg2 Nc6 6. Qa4 Bb4+ 7. Bd2 Bd6 8. Na3
Ne4 9. Nxc4 O-O 10. Nxd6 cxd6 11. Be3 Bd7 12. O-O Ne7 13. Qa3 Bb5 14. Rfe1 Nf5
15. Nh4 Nxh4 16. Bxe4 d5 17. Bc2 Nf5 18. Rac1 a6 19. g4 Nxe3 20. Qxe3 Rc8 21. g5
Qb6 22. Bb1 Rc4 23. Red1 g6 24. b3 Rxc1 25. Rxc1 e5 26. Qxe5 Re8 27. Qxd5 Bxe2
28. Be4 Bb5 29. Bg2 Qa5 30. h3 Qd2 31. Qc5 b6 32. Qc7 Qxg5 33. Rd1 Be2 34. Qc1
Qf6 35. Re1 Qxd4 36. Qc2 Bb5 37. Rxe8+ Bxe8 38. Qc8 Qa1+ 39. Bf1 Qe5 40. Bxa6
Kg7 41. Bf1 h5 42. Qc1 Bd7 43. a3 h4 44. b4 b5 45. Bg2 Be6 46. Qc5 Kf6 47. Qb6
Kg7 48. Qc5 Kf6 49. Qb6 Kg7 50. Qc5 Kf6 1/2-1/2

[Event "32nd ECC Women 2016"]
[Site "Novi Sad SRB"]
[Date "2016.11.10"]
[Round "5.2"]
[Board "3"]
[White "Khotenashvili, Bela"]
[Black "Mkrtchian, Lilit"]
[Result "1/2-1/2"]
[WhiteTitle "GM"]
[BlackTitle "IM"]
[WhiteElo "2426"]
[BlackElo "2439"]
[WhiteTeam "NONA Batumi"]
[BlackTeam "Ugra Chess Club"]
[WhiteFideId "13602640"]
[BlackFideId "13300601"]
[EventDate "2016.11.06"]

1. d4 Nf6 2. c4 e6 3. g3 d5 4. Nf3 Bb4+ 5. Bd2 Be7 6. Bg2 c6 7. Qc2 O-O 8. O-O
b6 9. Bf4 Bb7 10. Rd1 Na6 11. a3 dxc4 12. Ne5 Qc8 13. Qxc4 c5 14. Bxb7 Qxb7 15.
dxc5 Nxc5 16. b4 b5 17. Qc2 Na4 18. Qc6 Rab8 19. Qxb7 Rxb7 20. Nc6 Rc8 21. Rc1
Kf8 22. Nd2 Nd5 23. Na5 Rxc1+ 24. Rxc1 Rd7 25. Ne4 Nxf4 26. gxf4 Nb6 27. Nc5 Rd2
28. Nc6 Nd5 29. Nd3 Bf6 30. Nxa7 Nc3 31. Kf1 Ra2 32. Ne5 Rxa3 33. Nac6 Bxe5 34.
fxe5 f6 35. Rc2 fxe5 36. Nxe5 Ke7 37. Rd2 Kf6 38. Ng4+ Ke7 39. Ne5 Kf6 40. Ng4+
Ke7 41. Ne5 Nd5 42. Rd4 Rc3 43. Rg4 Kf6 44. Nd7+ Kf7 45. Ne5+ Kf6 46. Nd7+ Kf7
47. Ne5+ 1/2-1/2

[Event "32nd ECC Women 2016"]
[Site "Novi Sad SRB"]
[Date "2016.11.10"]
[Round "5.2"]
[Board "4"]
[White "Nechaeva, Marina"]
[Black "Melia, Salome"]
[Result "0-1"]
[WhiteTitle "IM"]
[BlackTitle "IM"]
[WhiteElo "2420"]
[BlackElo "2393"]
[WhiteTeam "Ugra Chess Club"]
[BlackTeam "NONA Batumi"]
[WhiteFideId "4149351"]
[BlackFideId "13602446"]
[EventDate "2016.11.06"]

1. d4 Nf6 2. c4 e6 3. Nc3 Bb4 4. Qc2 d6 5. Nf3 Nbd7 6. Bg5 h6 7. Bh4 Qe7 8. e3
b6 9. Be2 Bb7 10. O-O g5 11. Nb5 Qd8 12. a3 gxh4 13. axb4 a6 14. Nc3 h3 15. g3
h5 16. e4 Ng4 17. Qd2 Rg8 18. Nh4 Qf6 19. f3 Ne3 20. Qxe3 Qxh4 21. f4 Nf6 22.
Qd3 Nd7 23. Kh1 Qe7 24. Bxh5 O-O-O 25. Bf3 Nb8 26. b5 a5 27. b4 axb4 28. Na2 d5
29. cxd5 exd5 30. e5 c5 31. bxc6 Nxc6 32. Rfc1 Kb8 33. Qb5 Rg6 34. Rd1 f6 35.
Rab1 fxe5 36. dxe5 Qf8 37. Nxb4 Nxe5 38. Na6+ Ka7 39. Be2 d4+ 40. Kg1 Qxf4 41.
Qxb6+ Rxb6 42. gxf4 d3 43. Bh5 Rg8+ 44. Kf1 Rxb1 45. Rxb1 Bxa6 46. fxe5 Rg2 47.
Ra1 d2+ 48. Rxa6+ Kxa6 49. Bf3 Kb6 0-1

[Event "32nd ECC Women 2016"]
[Site "Novi Sad SRB"]
[Date "2016.11.10"]
[Round "5.3"]
[Board "1"]
[White "Mamedjarova, Zeinab"]
[Black "Socko, Monika"]
[Result "0-1"]
[WhiteTitle "WGM"]
[BlackTitle "GM"]
[WhiteElo "2338"]
[BlackElo "2428"]
[WhiteTeam "Odlar Yurdu"]
[BlackTeam "ASD C.S.R. Fischer Chieti"]
[WhiteFideId "13401521"]
[BlackFideId "1106619"]
[EventDate "2016.11.06"]

1. d4 Nf6 2. Nf3 g6 3. e3 Bg7 4. Be2 O-O 5. O-O d5 6. b3 c5 7. Bb2 cxd4 8. Nxd4
Re8 9. c4 e5 10. Nf3 Nc6 11. cxd5 Nxd5 12. Na3 Bf5 13. Qd2 Ndb4 14. Rfd1 Qxd2
15. Nxd2 Rad8 16. g4 Bd3 17. Kf1 Bf8 18. Nb5 Bc2 19. Nf3 Bxd1 20. Bxd1 a6 21.
Nc3 Nd3 22. Bc1 e4 23. Ng1 Bg7 24. Nge2 Nxf2 0-1

[Event "32nd ECC Women 2016"]
[Site "Novi Sad SRB"]
[Date "2016.11.10"]
[Round "5.3"]
[Board "2"]
[White "Zimina, Olga"]
[Black "Mammadzada, Gunay"]
[Result "1/2-1/2"]
[WhiteTitle "IM"]
[BlackTitle "WGM"]
[WhiteElo "2394"]
[BlackElo "2371"]
[WhiteTeam "ASD C.S.R. Fischer Chieti"]
[BlackTeam "Odlar Yurdu"]
[WhiteFideId "4132190"]
[BlackFideId "13403729"]
[EventDate "2016.11.06"]

1. Nf3 c5 2. c4 b6 3. g3 Bb7 4. Bg2 g6 5. d4 cxd4 6. Qxd4 Nf6 7. O-O Bg7 8. Nc3
d6 9. Rd1 Nbd7 10. b3 O-O 11. Bb2 a6 12. Ne1 Ne4 13. Qe3 Nxc3 14. Bxc3 Bxc3 15.
Qxc3 Bxg2 16. Nxg2 b5 17. Ne3 Nf6 18. Qd4 Rc8 19. Qa7 Ra8 20. Qb7 bxc4 21. Nxc4
d5 22. Rac1 Rb8 23. Qa7 Ra8 24. Qb7 Rb8 25. Qa7 Ra8 26. Qb7 Rb8 1/2-1/2

[Event "32nd ECC Women 2016"]
[Site "Novi Sad SRB"]
[Date "2016.11.10"]
[Round "5.3"]
[Board "3"]
[White "Mammadova, Gulnar"]
[Black "Paolillo, Gaia"]
[Result "1-0"]
[WhiteTitle "WGM"]
[BlackTitle "WFM"]
[WhiteElo "2364"]
[BlackElo "2013"]
[WhiteTeam "Odlar Yurdu"]
[BlackTeam "ASD C.S.R. Fischer Chieti"]
[WhiteFideId "13403508"]
[BlackFideId "864986"]
[EventDate "2016.11.06"]

1. e4 e6 2. d4 d5 3. Nc3 dxe4 4. Nxe4 Bd7 5. Nf3 Bc6 6. Bd3 Nd7 7. O-O Ngf6 8.
Qe2 Nxe4 9. Bxe4 Bxe4 10. Qxe4 c6 11. b3 Be7 12. Bb2 Bf6 13. Rad1 Qc7 14. Ne5
Nxe5 15. dxe5 Be7 16. Rd3 Rd8 17. Rg3 g6 18. Rf3 Bf8 19. h4 h5 20. Re1 Rd7 21.
a4 Bg7 22. Ba3 c5 23. Rd3 Rxd3 24. cxd3 O-O 25. d4 b6 26. Qc2 Rc8 27. dxc5 bxc5
28. Qc3 Qd8 29. Qc4 Qd2 30. Kf1 Qa2 31. Bc1 Bf8 32. Re2 Qa1 33. g3 Rd8 34. Re1
Qd4 35. Be3 Qxc4+ 36. bxc4 Rb8 37. Rd1 Rb4 38. Rd8 Kg7 39. Bg5 Rb7 40. Bf6+ Kg8
41. a5 a6 42. Ke2 Rb2+ 43. Ke3 Rb3+ 44. Kf4 Rb7 45. f3 Rc7 46. g4 Rb7 47. gxh5
gxh5 48. Kg5 Rb3 49. Kxh5 Rxf3 50. Kg5 Kh7 51. Rxf8 Rf5+ 52. Kg4 Kg6 53. h5+
Rxh5 54. Rg8+ Kh6 55. Bg5+ 1-0

[Event "32nd ECC Women 2016"]
[Site "Novi Sad SRB"]
[Date "2016.11.10"]
[Round "5.3"]
[Board "4"]
[White "Di Primio, Eugenia"]
[Black "Hojjatova, Aydan"]
[Result "1/2-1/2"]
[BlackTitle "WFM"]
[WhiteElo "1928"]
[BlackElo "2316"]
[WhiteTeam "ASD C.S.R. Fischer Chieti"]
[BlackTeam "Odlar Yurdu"]
[WhiteFideId "821942"]
[BlackFideId "13401491"]
[EventDate "2016.11.06"]

1. e4 e6 2. d4 d5 3. exd5 exd5 4. Bd3 c5 5. c3 Nf6 6. Nf3 Be7 7. h3 O-O 8. O-O
Nc6 9. Re1 Qb6 10. dxc5 Bxc5 11. Qc2 a5 12. Be3 Bd7 13. Nbd2 a4 14. Bxc5 Qxc5
15. Ne5 Nxe5 16. Rxe5 a3 17. b3 Qd6 18. Rae1 Rfc8 19. Nf3 Rc7 20. Qd2 Rac8 21.
Qf4 Qc5 22. c4 Qb4 23. Re7 Rc6 24. R7e2 R6c7 25. Re7 Rc6 26. R7e2 R6c7 27. Re7
Rc6 1/2-1/2

[Event "32nd ECC Women 2016"]
[Site "Novi Sad SRB"]
[Date "2016.11.10"]
[Round "5.4"]
[Board "1"]
[White "Berzina, Ilze"]
[Black "Kashlinskaya, Alina"]
[Result "1-0"]
[WhiteTitle "WGM"]
[BlackTitle "IM"]
[WhiteElo "2283"]
[BlackElo "2450"]
[WhiteTeam "Kaunas CC Margiris"]
[BlackTeam "SHSM Legacy Square Moscow"]
[WhiteFideId "11601345"]
[BlackFideId "4198026"]
[EventDate "2016.11.06"]

1. e4 e6 2. d4 d5 3. e5 c5 4. c3 Nc6 5. Nf3 Qb6 6. a3 Nh6 7. b4 cxd4 8. Bxh6
gxh6 9. cxd4 Bd7 10. Ra2 Rg8 11. h3 h5 12. Rc2 a5 13. b5 Ne7 14. g3 Nf5 15. Be2
a4 16. Qd3 Qa5+ 17. Nbd2 Be7 18. Rg1 Bd8 19. g4 hxg4 20. hxg4 Ne7 21. Qxh7 Bb6
22. g5 Rf8 23. g6 fxg6 24. Rxg6 Rc8 25. Rxc8+ Bxc8 26. Rf6 Nf5 27. Rxf8+ Kxf8
28. Qh8+ Ke7 29. Qxc8 Nxd4 30. Qxb7+ Kd8 31. Qb8+ Kd7 32. Qd6+ Kc8 33. Nxd4 Bxd4
34. Qxe6+ 1-0

[Event "32nd ECC Women 2016"]
[Site "Novi Sad SRB"]
[Date "2016.11.10"]
[Round "5.4"]
[Board "2"]
[White "Pustovoitova, Daria"]
[Black "Sibajeva, Marija"]
[Result "1-0"]
[WhiteTitle "FM"]
[BlackTitle "WCM"]
[WhiteElo "2427"]
[BlackElo "1869"]
[WhiteTeam "SHSM Legacy Square Moscow"]
[BlackTeam "Kaunas CC Margiris"]
[WhiteFideId "4182146"]
[BlackFideId "12807583"]
[EventDate "2016.11.06"]

1. d4 Nf6 2. c4 c5 3. d5 e6 4. Nc3 exd5 5. cxd5 d6 6. Nf3 g6 7. Bf4 a6 8. e4 Bg4
9. Qa4+ Nbd7 10. Nd2 b5 11. Qc2 Nb6 12. a4 b4 13. Ncb1 a5 14. h3 Bc8 15. Nc4
Nxc4 16. Bxc4 Bg7 17. Nd2 O-O 18. O-O Qc7 19. Bb5 Rd8 20. Nc4 Bf8 21. e5 Nxd5
22. exd6 Qb7 23. Bg3 Bd7 24. Rfd1 Bc6 25. Bxc6 Qxc6 26. Ne5 Qb7 27. Qe4 Rxd6 28.
Ng4 f5 29. Qc4 Qa6 30. Qa2 Re6 31. Rxd5 fxg4 32. Rd6 1-0

[Event "32nd ECC Women 2016"]
[Site "Novi Sad SRB"]
[Date "2016.11.10"]
[Round "5.4"]
[Board "3"]
[White "Gailiunaite, Saule"]
[Black "Savina, Anastasia"]
[Result "0-1"]
[BlackTitle "IM"]
[WhiteElo "1804"]
[BlackElo "2363"]
[WhiteTeam "Kaunas CC Margiris"]
[BlackTeam "SHSM Legacy Square Moscow"]
[WhiteFideId "12807737"]
[BlackFideId "4196872"]
[EventDate "2016.11.06"]

1. d4 Nf6 2. c4 g6 3. Nc3 Bg7 4. e4 d6 5. Nf3 O-O 6. Be2 Bg4 7. Be3 Nfd7 8. Ng1
Bxe2 9. Ngxe2 e5 10. O-O Nc6 11. d5 Ne7 12. b4 f5 13. f3 Nf6 14. Nc1 Kh8 15. Nb3
Qd7 16. Nd2 Neg8 17. Kh1 Nh5 18. c5 Bh6 19. Bf2 Ngf6 20. Nc4 fxe4 21. Nxe4 Nxe4
22. fxe4 Qe7 23. Nd2 Qg5 24. Nf3 Qg4 25. Qc2 Rxf3 26. gxf3 Qxf3+ 27. Kg1 Nf4 0-1

[Event "32nd ECC Women 2016"]
[Site "Novi Sad SRB"]
[Date "2016.11.10"]
[Round "5.4"]
[Board "4"]
[White "Shuvalova, Polina"]
[Black "Perminaite, Guoda"]
[Result "1-0"]
[WhiteTitle "WIM"]
[WhiteElo "2390"]
[BlackElo "1762"]
[WhiteTeam "SHSM Legacy Square Moscow"]
[BlackTeam "Kaunas CC Margiris"]
[WhiteFideId "24171760"]
[BlackFideId "12808784"]
[EventDate "2016.11.06"]

1. e4 e5 2. Nf3 Nc6 3. Bb5 a6 4. Ba4 d6 5. c3 Bd7 6. d4 Nge7 7. Be3 Ng6 8. h4 h5
9. g3 Be7 10. d5 Nb8 11. Bxd7+ Nxd7 12. Nfd2 Nf6 13. f3 c6 14. c4 Rc8 15. Nc3
Qd7 16. a4 a5 17. Qb1 c5 18. Qd3 Nh7 19. O-O-O Ngf8 20. Rdg1 g6 21. g4 Nf6 22.
g5 N6h7 23. f4 f6 24. Nf3 Rg8 25. Nb5 Rg7 26. Bd2 b6 27. gxf6 Bxf6 28. fxe5 Bxe5
29. Nxe5 dxe5 30. Bc3 Qe7 31. Rf1 Rf7 32. Qg3 Rxf1+ 33. Rxf1 Nd7 34. d6 Qg7 35.
Nc7+ Rxc7 36. dxc7 1-0

[Event "32nd ECC Women 2016"]
[Site "Novi Sad SRB"]
[Date "2016.11.10"]
[Round "5.5"]
[Board "1"]
[White "Bodnaruk, Anastasia"]
[Black "Zhukova, Natalia"]
[Result "1/2-1/2"]
[WhiteTitle "IM"]
[BlackTitle "GM"]
[WhiteElo "2470"]
[BlackElo "2448"]
[WhiteTeam "Chigorin Chess Club St Petersburg"]
[BlackTeam "Jelica PEP - Goracici"]
[WhiteFideId "4181751"]
[BlackFideId "14101513"]
[EventDate "2016.11.06"]

1. e4 e5 2. Nf3 Nc6 3. Bb5 a6 4. Ba4 d6 5. c3 Bd7 6. h3 g6 7. O-O Bg7 8. d4 Nf6
9. d5 Ne7 10. Bxd7+ Qxd7 11. Re1 h6 12. c4 Nh5 13. Nc3 O-O 14. Nh4 Nf4 15. Bxf4
exf4 16. Nf3 b5 17. Qd3 b4 18. Ne2 a5 19. Qd2 g5 20. Ned4 Kh8 21. e5 Nf5 22. e6
fxe6 23. Nxe6 Rfe8 24. Qc2 Qf7 25. Nxc7 Qxc7 26. Qxf5 Bxb2 27. Qg6 Rg8 28. Qxh6+
Qh7 29. Qxd6 Rg6 30. Qc5 Bxa1 31. Rxa1 g4 32. Qd4+ Kg8 33. Ne5 gxh3 34. Qxf4 Rf8
35. Nxg6 Rxf4 36. Nxf4 Qe4 37. g3 Qxc4 38. Rd1 Qc2 39. Rd3 h2+ 40. Kxh2 Qxf2+
41. Kh3 Qa7 42. d6 Qd7+ 43. g4 a4 44. Rd5 b3 45. axb3 a3 46. Kg3 Kf7 47. b4 a2
48. Ra5 Qxd6 49. Rxa2 Qxb4 50. Rf2 Kg8 51. g5 Qc5 52. Kf3 Qxg5 53. Rg2 Qxg2+ 54.
Nxg2 1/2-1/2

[Event "32nd ECC Women 2016"]
[Site "Novi Sad SRB"]
[Date "2016.11.10"]
[Round "5.5"]
[Board "2"]
[White "Velikic, Adela"]
[Black "Ovod, Evgenija"]
[Result "0-1"]
[BlackTitle "IM"]
[WhiteElo "2207"]
[BlackElo "2375"]
[WhiteTeam "Jelica PEP - Goracici"]
[BlackTeam "Chigorin Chess Club St Petersburg"]
[WhiteFideId "913553"]
[BlackFideId "4131827"]
[EventDate "2016.11.06"]

1. e4 e5 2. Nf3 Nc6 3. Bb5 Nf6 4. d3 Bc5 5. Bxc6 dxc6 6. Nbd2 Be6 7. Qe2 Nd7 8.
Nb3 Bb6 9. Bd2 a5 10. Ng5 Qe7 11. Nxe6 Qxe6 12. a4 Nc5 13. Nxc5 Bxc5 14. O-O O-O
15. Be3 Qe7 16. Kh1 Bxe3 17. Qxe3 c5 18. b3 b6 19. Rae1 Rad8 20. Qg3 Rd6 21. Re3
Rg6 22. Qh3 Qd6 23. Qh5 Re8 24. Qe2 Qd4 25. Rf3 Ree6 26. Rf5 Rgf6 27. Rxf6 Rxf6
28. h3 g6 29. Kg1 Kg7 30. Re1 Qc3 31. Rd1 Rd6 32. Qd2 Qxd2 33. Rxd2 f5 34. exf5
gxf5 35. Re2 Kf6 36. g3 Rd4 37. Kg2 c6 38. Re1 e4 39. dxe4 fxe4 40. Re3 Kf5 41.
Kf1 b5 42. Rc3 c4 43. Ke2 Ke5 44. f4+ exf3+ 45. Kxf3 Kd5 46. axb5 cxb5 47. g4 b4
48. Re3 cxb3 49. cxb3 a4 50. bxa4 Kc4 51. Re7 b3 52. Rb7 Kc3 53. Ke3 Rxa4 54.
Rc7+ Kb2 55. Kd3 Ka2 56. Rxh7 b2 57. Rb7 b1=Q+ 58. Rxb1 Kxb1 59. Ke3 Kc2 60. g5
Kc3 61. g6 Ra6 62. Kf4 Rxg6 63. h4 Kd4 64. h5 Rg1 65. Kf5 Rh1 66. Kg6 Ke5 67. h6
Ke6 68. h7 Rg1+ 69. Kh6 Kf7 70. h8=N+ Kf6 71. Kh7 Rg2 0-1

[Event "32nd ECC Women 2016"]
[Site "Novi Sad SRB"]
[Date "2016.11.10"]
[Round "5.5"]
[Board "3"]
[White "Belenkaya, Dina"]
[Black "Eric, Jovana"]
[Result "1-0"]
[WhiteTitle "WGM"]
[BlackTitle "WIM"]
[WhiteElo "2332"]
[BlackElo "2209"]
[WhiteTeam "Chigorin Chess Club St Petersburg"]
[BlackTeam "Jelica PEP - Goracici"]
[WhiteFideId "24142654"]
[BlackFideId "938238"]
[EventDate "2016.11.06"]

1. e4 c5 2. Nf3 d6 3. Bb5+ Nd7 4. O-O Nf6 5. Re1 a6 6. Bf1 e6 7. c4 b6 8. d4
cxd4 9. Nxd4 Bb7 10. Nc3 Be7 11. f3 O-O 12. Be3 Qc7 13. Rc1 Rfc8 14. b4 Qb8 15.
Qb3 Bd8 16. Kh1 Bc7 17. Bg1 Ne5 18. a4 Rd8 19. Qa2 Rd7 20. Nb3 Nc6 21. Qa3 a5
22. bxa5 bxa5 23. Nb5 Bd8 24. c5 d5 25. Nd6 dxe4 26. fxe4 Be7 27. e5 Nd5 28. Bb5
Rd8 29. Nd4 Ndb4 30. Nf3 Qc7 31. Qe3 Rf8 32. Nd2 Rad8 33. N2c4 Nd5 34. Qg3 Ba8
35. Nb6 Ncb4 36. Rc4 Bc6 37. Rg4 g6 38. Nbc4 Rb8 39. Rf1 Ba8 40. h4 Bxd6 41.
exd6 Qd8 42. Ne5 Nf6 43. Rxf6 Qxf6 44. Nd7 Qa1 45. Nxb8 Rxb8 46. d7 e5 47. Rxb4
axb4 48. Qg5 Qd1 49. Qxe5 Rf8 50. c6 b3 51. Kh2 b2 52. Bd4 Qxd4 53. Qxd4 b1=Q
54. d8=Q Rxd8 55. Qxd8+ Kg7 56. Qxa8 Qe4 57. Qa7 Qxh4+ 58. Kg1 Qe1+ 59. Bf1 Qc3
60. c7 h5 61. a5 h4 62. a6 h3 63. gxh3 Qg3+ 64. Kh1 Qf3+ 65. Bg2 1-0

[Event "32nd ECC Women 2016"]
[Site "Novi Sad SRB"]
[Date "2016.11.10"]
[Round "5.5"]
[Board "4"]
[White "Prudnikova, Svetlana"]
[Black "Balaian, Alina"]
[Result "1-0"]
[WhiteTitle "WGM"]
[BlackTitle "WIM"]
[WhiteElo "2296"]
[BlackElo "2216"]
[WhiteTeam "Jelica PEP - Goracici"]
[BlackTeam "Chigorin Chess Club St Petersburg"]
[WhiteFideId "929700"]
[BlackFideId "24115347"]
[EventDate "2016.11.06"]

1. d4 Nf6 2. c4 c5 3. Nf3 cxd4 4. Nxd4 e5 5. Nb5 d5 6. cxd5 Bc5 7. N5c3 O-O 8.
g3 e4 9. Bg2 Qe7 10. O-O e3 11. f3 Rd8 12. Qb3 Na6 13. Ne4 Nxd5 14. Nbc3 Nxc3
15. bxc3 Be6 16. c4 Bd4 17. Rb1 Rac8 18. Ba3 Qc7 19. Qxb7 Qxb7 20. Rxb7 Bxc4 21.
Nd6 Bxe2 22. Nxc8 Rxc8 23. Re1 Bc4 24. Re7 Nc5 25. Bc1 e2+ 26. Be3 Kf8 27. Bxd4
Kxe7 28. f4 Kf8 29. Bf3 Rc7 30. Bxe2 Bxe2 31. Rxe2 Ne6 32. Be5 Rd7 33. Kf2 Nc5
34. Bc3 Rb7 35. a3 Na6 36. Re4 f6 37. Ra4 Nc7 38. Bb4+ Kf7 39. f5 Nb5 40. Ra5
Nd4 41. Rc5 Nb5 42. Rc8 g6 43. fxg6+ hxg6 44. h4 Nc7 45. Rf8+ Kg7 46. Rd8 Ne6
47. Rd6 Kf7 48. g4 Rc7 49. Ke3 Re7 50. Kf3 Nc7 51. Rd8 Nb5 52. Bxe7 Kxe7 53. Ra8
Ke6 54. a4 Nd4+ 55. Ke4 Nc6 56. Rg8 Ne5 57. h5 Kf7 58. Ra8 gxh5 59. gxh5 Nc6 60.
Kd5 Ne7+ 61. Kc5 f5 62. Rxa7 f4 63. Kd6 1-0

[Event "32nd ECC Women 2016"]
[Site "Novi Sad SRB"]
[Date "2016.11.10"]
[Round "5.6"]
[Board "1"]
[White "Hapala, Elisabeth"]
[Black "Sandu, Mihaela"]
[Result "0-1"]
[WhiteTitle "WFM"]
[BlackTitle "WGM"]
[WhiteElo "2042"]
[BlackElo "2207"]
[WhiteTeam "ASVOE Pamhagen"]
[BlackTeam "Midland Monarchs"]
[WhiteFideId "1622080"]
[BlackFideId "1204327"]
[EventDate "2016.11.06"]

1. e4 c5 2. Nf3 e6 3. d4 cxd4 4. Nxd4 a6 5. Bd3 g6 6. O-O Bg7 7. Nf3 Nc6 8. c4
Nge7 9. Nc3 O-O 10. Bg5 h6 11. Bh4 Qa5 12. Qb3 f5 13. Bxe7 Nxe7 14. Rac1 Rb8 15.
Rfd1 b6 16. exf5 Nxf5 17. Be4 Rf7 18. Rd2 Qc5 19. Na4 Qc7 20. Qd1 Qf4 21. Qe2
Bb7 22. Bxb7 Rxb7 23. Nc3 Rc7 24. b3 Rc8 25. Rdc2 Nd4 26. Nxd4 Bxd4 27. g3 Qf6
28. Ne4 Qe5 29. Qg4 Kg7 30. Kg2 Rcf8 31. Rf1 Rf4 32. gxf4 Qxe4+ 33. Qf3 Qxc2 34.
Rg1 Qf5 35. Kf1 Qxf4 0-1

[Event "32nd ECC Women 2016"]
[Site "Novi Sad SRB"]
[Date "2016.11.10"]
[Round "5.6"]
[Board "2"]
[White "Srebrnic, Ana"]
[Black "Mira, Helene"]
[Result "1/2-1/2"]
[WhiteTitle "WGM"]
[BlackTitle "WIM"]
[WhiteElo "2216"]
[BlackElo "2047"]
[WhiteTeam "Midland Monarchs"]
[BlackTeam "ASVOE Pamhagen"]
[WhiteFideId "14603314"]
[BlackFideId "1601601"]
[EventDate "2016.11.06"]

1. Nf3 Nf6 2. g3 d5 3. Bg2 Bg4 4. O-O Nbd7 5. h3 Bxf3 6. Bxf3 c6 7. d3 e6 8. Bg2
Bc5 9. e4 dxe4 10. dxe4 e5 11. a4 a5 12. Qe2 O-O 13. Nd2 Qc7 14. Nb3 Bb6 15. Qc4
Rfe8 16. Kh1 Nf8 17. Qe2 Ne6 18. c3 Nc5 19. Nxc5 Bxc5 20. Bg5 Nd7 21. Rad1 Nf8
22. Qg4 Kh8 23. Qe2 Ne6 24. Bc1 Red8 25. f4 Rxd1 26. Qxd1 exf4 27. gxf4 Ba7 28.
Qe2 Rd8 29. e5 g6 30. f5 gxf5 31. Rxf5 Qb6 32. Rf1 Qc5 33. Qh5 f6 34. Be4 Nf8
35. Bf4 Qc4 36. Bg2 Ng6 37. Bh2 fxe5 38. Bxe5+ Kg8 39. Qg5 Re8 40. Bh2 Qxa4 41.
Qf5 Qa2 42. Bd6 Qe6 43. Qxa5 Qxd6 44. Qxa7 Qe7 45. Qd4 Qe5 46. Rd1 Qxd4 47. Rxd4 1/2-1/2

[Event "32nd ECC Women 2016"]
[Site "Novi Sad SRB"]
[Date "2016.11.10"]
[Round "5.6"]
[Board "3"]
[White "Horvath, Maria"]
[Black "Chevannes, Sabrina L"]
[Result "0-1"]
[WhiteTitle "WFM"]
[BlackTitle "WIM"]
[WhiteElo "1975"]
[BlackElo "2012"]
[WhiteTeam "ASVOE Pamhagen"]
[BlackTeam "Midland Monarchs"]
[WhiteFideId "1601660"]
[BlackFideId "411280"]
[EventDate "2016.11.06"]

1. d4 d5 2. c4 e6 3. Nc3 Be7 4. cxd5 exd5 5. Nf3 c6 6. Qc2 g6 7. Bf4 Bf5 8. Qc1
Nd7 9. h3 Ngf6 10. e3 Ne4 11. Be2 h5 12. Ne5 g5 13. Bh2 Nxe5 14. Bxe5 f6 15. Bh2
g4 16. Bf4 gxh3 17. gxh3 Bd6 18. Bxd6 Qxd6 19. Nxe4 Bxe4 20. Rg1 O-O-O 21. Qd2
Rdg8 22. O-O-O h4 23. Bg4+ Kb8 24. Rde1 Rd8 25. Bd1 c5 26. f3 Bf5 27. Bc2 Bxh3
28. dxc5 Qc7 29. Kb1 Be6 30. Qd4 Qe5 31. Qb4 Ka8 32. Rg7 Rd7 33. Rxd7 Bxd7 34.
f4 Qe7 35. Qd4 Bc6 36. Rh1 Qg7 37. a3 h3 38. Bf5 h2 39. Qd1 Qg3 40. Qc1 d4 41.
e4 Qf3 42. Qe1 Qxf4 43. Qe2 Qxf5 0-1